| 000 | 00000nam 2200000za 4500 |
| 001 | 9.633338 |
| 003 | CaOODSP |
| 005 | 20250123123842 |
| 007 | cr ||||||||||| |
| 008 | 150407s2005||||onca||||o f000 0 fre d |
| 020 | |a0-662-72743-6 |
| 040 | |aCaOODSP|bfre |
| 043 | |an-cn--- |
| 086 | 1 |aEn81-9/2005F-PDF |
| 110 | 1 |aCanada. |bEnvironnement Canada. |
| 245 | 10|aRapport sur la situation des aires protégées du Canada |h[ressource électronique] |
| 246 | 1 |iAutre titre cité pour la publication : |aRapport sur la situation des aires protégées 2000-2005 |
| 250 | |a[1ère édition]. |
| 260 | |aOttawa - Ontario : |bEnvironnement Canada |c2006. |
| 300 | |a4, 7, 7, 9, 11, 36p.|bcartes en couleur, graphiques, ill., tableaux |
| 500 | |aTitre courant. -- Année de publication tirée du site Web d'Environnement Canada (visionné le 13 avril 2011). |
| 504 | |aComprend des réf. bibliogr. |
| 590 | |a11-06-Supp|b2011-04-14 |
| 691 | 07|aAire de conservation|2gcpds |
| 775 | 08|tCanadian protected areas status report |w(CaOODSP)9.688918 |
| 794 | |tRapport sur la situation des aires protégées du Canada 2006-2011 |w(CaOODSP)9.677140 |
| 856 | 40|ahttp://publications.gc.ca|qPDF|s2.24 Mo|uhttps://publications.gc.ca/collections/collection_2011/ec/En81-9-2005-6-fra.pdf |
| 856 | 40|ahttp://publications.gc.ca|qPDF|s250 Ko|uhttps://publications.gc.ca/collections/collection_2011/ec/En81-9-2005-4-fra.pdf |
| 856 | 40|ahttp://publications.gc.ca|qPDF|s252 Ko|uhttps://publications.gc.ca/collections/collection_2011/ec/En81-9-2005-2-fra.pdf |
| 856 | 40|ahttp://publications.gc.ca|qPDF|s145 Ko|uhttps://publications.gc.ca/collections/collection_2011/ec/En81-9-2005-1-fra.pdf |
| 856 | 40|ahttp://publications.gc.ca|qPDF|s334 Ko|uhttps://publications.gc.ca/collections/collection_2011/ec/En81-9-2005-5-fra.pdf |
| 856 | 40|ahttp://publications.gc.ca|qPDF|s310 Ko|uhttps://publications.gc.ca/collections/collection_2011/ec/En81-9-2005-3-fra.pdf |